Statistics for Most Populated US Cities A-Z

Click here to take the quiz!

General Stats

  • This quiz has been taken 59 times
  • The average score is 16 of 26

Answer Stats

Letter City % Correct
NNew York City
100%
CChicago
91%
LLos Angeles
91%
BBoston
87%
IIndianapolis
85%
DDallas
85%
JJacksonville
81%
HHouston
81%
AAustin
80%
SSan Antonio
78%
PPhoenix
76%
WWashington, D.C.
74%
OOklahoma City
70%
KKansas City
69%
FFort Worth
63%
MMemphis
56%
EEl Paso
52%
RRaleigh
48%
VVirginia Beach
44%
TTucson
39%
GGreensboro
35%
QQuincy
31%
YYonkers
28%
XXenia
26%
UUtica
22%
ZZionsville
7%

Score Distribution

Percentile by Number Answered

Percent of People with Each Score

Your Score History

You have not taken this quiz